| 000 -LEADER |
| fixed length control field |
00467nam a22001697a 4500 |
| 003 - CONTROL NUMBER IDENTIFIER |
| control field |
OSt |
| 005 - DATE AND TIME OF LATEST TRANSACTION |
| control field |
20181001065020.0 |
| 008 - FIXED-LENGTH DATA ELEMENTS--GENERAL INFORMATION |
| fixed length control field |
180309b xxu||||| |||| 00| 0 spa d |
| 020 ## - INTERNATIONAL STANDARD BOOK NUMBER |
| International Standard Book Number |
8474442516 |
| 040 ## - CATALOGING SOURCE |
| Transcribing agency |
PJ |
| 100 ## - ASIENTO PRINCIPAL - NOMBRE DE PERSONA |
| 9 (RLIN) |
81 |
| Personal name |
Pattaro, Enrico |
| 245 10 - MENCIÓN DE TÍTULO |
| Título propiamente dicho |
Elementos para una teoría del derecho / |
| Mención de responsabilidad, etc |
Enrico Pattaro. |
| 260 ## - PUBLICATION, DISTRIBUTION, ETC. (IMPRINT) |
| Place of publication, distribution, etc |
Madrid : |
| Name of publisher, distributor, etc |
Debate, |
| Date of publication, distribution, etc |
1985. |
| 300 ## - DESCRIPCION FISICA |
| Extent |
311 p. ; |
| 650 #0 - ASIENTO SECUNDARIO DE MATERIA - TERMINO TEMATICO |
| Topical term or geographic name as entry element |
TEORIA GENERAL DEL DERECHO |
| 9 (RLIN) |
214 |
| 942 ## - ADDED ENTRY ELEMENTS (KOHA) |
| Source of classification or shelving scheme |
|
| Koha item type |
Libros |
| Classification part |
340.11 |
| Item part |
PAT |